000 00665nam a22002057a 4500
005 20251108173139.0
008 250721s9999 xx 000 0 ara d
082 1 4 _a649.1/ شار
100 1 _aشارمان، فرنسوا
245 1 0 _aالعلاج المنزلي للأطفال و المراهقين /
264 1 _aبيروت :
_bالمكتبة الحديثة للطباعة و النشر،
300 _a240ص.
650 1 7 _aرعاية الطفولة
650 1 7 _aسيكولوجية المراهقين
650 1 7 _aالصحة
700 1 _aشحادة، دانا
_etran.
700 1 _aغانم، رشا
_etran.
942 _2ddc
_cBK
999 _c97132
_d97132